000 00389nam a2200145Ia 4500
008 100204s9999 xx 000 0 und d
082 _b3449
100 _aभोपटकर शरयू
245 _aमेघा
260 _b"अनुपम प्रकाशन, पुणे"
_c1981
300 _a200
630 _aमेघा
730 _aमेघा
942 _cBOOK
999 _c448384
_d448381